| 000 | 00366nam a2200133Ia 4500 | ||
|---|---|---|---|
| 008 | 170516s9999 xx 000 0 und d | ||
| 245 | _aImalytics Preclinical: Interactive Analysis of Biomedical Volume Data | ||
| 260 | _bTheranostics | ||
| 260 | _c2016 | ||
| 300 | _a6:3 | ||
| 650 | _xMedical Technology | ||
| 650 | _xMedtech | ||
| 856 | _uhttp://www.thno.org/v6i3 | ||
| 999 |
_c330346 _d330346 |
||